Applications of Process Algebra
Saved in:
| Other Authors: | |
|---|---|
| Format: | Book |
| Language: | English |
| Published: |
Cambridge :
Cambridge University Press,
1990.
|
| Series: | Cambridge tracts in theoretical computer science ;
17 |
| Subjects: | |
| Tags: |
Add Tag
No Tags, Be the first to tag this record!
|
MARC
| LEADER | 00000cam a2200000 i 4500 | ||
|---|---|---|---|
| 001 | 1/38001 | ||
| 008 | 941103s1990####enk| ||| |||| ||eng|| | ||
| 020 | |a 0521400287 | ||
| 035 | |a 1993 |c ΠΑΝΑΓΙΩΤΟΠΟΥΛΟΣ |l 10040659 | ||
| 040 | |a GR-MyUA |b gre |e AACR2 | ||
| 041 | 0 | |a eng | |
| 082 | 0 | |a 511.3 | |
| 245 | 1 | 0 | |a Applications of Process Algebra / |c Edited by J.C.M. Baeten. |
| 260 | |a Cambridge : |b Cambridge University Press, |c 1990. | ||
| 300 | |a 317 σ. ; |c 25 εκ. | ||
| 490 | 1 | |a (Cambridge tracts in theoretical computer science |v ; 17) | |
| 504 | |a Περιέχει βιβλιογραφικές αναφορές και ευυρετήριο. | ||
| 650 | 0 | 0 | |a Machine theory. |
| 650 | 0 | 0 | |a Parallel processing (Electronic computers) |
| 700 | 1 | |a Baeten, J. C. M. |e edt | |
| 830 | 0 | |a Cambridge tracts in theoretical computer science ; |v 17 | |
| 852 | |a INST |b SAMOS |e 19941103 |h 511.3 APP |p 005300003737 |q 005300003737 |t BK |y 0 | ||
| 909 | |a Σ |b 029703 | ||